Loading...
| Fine Arts - Classical Music | 8 | 15.00 | 75% | 63% | 13% |
| Fine Arts - Other Fine Arts | 5 | 16.00 | 100% | 40% | 20% |
| Fine Arts - Visual Fine Arts | 3 | 16.67 | 100% | 67% | 0% |
| Geography/Current Events | 5 | 26.00 | 100% | 100% | 60% |
| History - American History | 6 | 18.33 | 100% | 67% | 17% |
| History - European History | 6 | 23.33 | 100% | 83% | 50% |
| History - Other History | 7 | 22.86 | 100% | 71% | 57% |
| History - World History | 5 | 24.00 | 100% | 100% | 40% |
| Literature - American Literature | 5 | 18.00 | 100% | 60% | 20% |
| Literature - British Literature | 7 | 24.29 | 100% | 86% | 57% |
| Literature - European Literature | 7 | 24.29 | 100% | 71% | 71% |
| Literature - World/Other Literature | 7 | 24.29 | 100% | 86% | 57% |
| Mythology | 8 | 25.00 | 100% | 88% | 63% |
| Other Academic | 3 | 16.67 | 100% | 67% | 0% |
| Philosophy | 7 | 27.14 | 100% | 100% | 71% |
| Pop Culture | 1 | 20.00 | 100% | 100% | 0% |
| Religion | 7 | 27.14 | 100% | 100% | 71% |
| Science - Biology | 10 | 14.00 | 90% | 40% | 10% |
| Science - Chemistry | 6 | 20.00 | 100% | 67% | 33% |
| Science - Other Science | 10 | 27.00 | 100% | 100% | 70% |
| Science - Physics | 7 | 25.71 | 100% | 100% | 57% |
| Social Science | 6 | 25.00 | 100% | 83% | 67% |